[Event "España ch-2015 sub-16"]
[Site "Salobreña ESP"]
[Date "2015.07.22"]
[Round "4.19"]
[White "Munoz Avila, Jose Luis"]
[Black "Alfaya Marcelo, Roberto"]
[Result "0-1"]
[WhiteElo "1908"]
[BlackElo "2097"]
[PlyCount "72"]
[EventDate "2015.07.20"]
[EventType "swiss"]
[EventRounds "9"]
[EventCountry "ESP"]
[Source "lmi"]
[SourceDate "2015.07.20"]

1. d4 Nf6 2. c4 c5 3. d5 b5 4. Nd2 bxc4 5. e4 e6 6. Bxc4 exd5 7. exd5 d6 8. Ne2
Be7 9. O-O O-O 10. h3 Nbd7 11. Nf3 Rb8 12. Qd3 Nb6 13. Rd1 Nxc4 14. Qxc4 Bf5
15. Nc3 Rb4 16. Qe2 Ne4 17. Nxe4 Rxe4 18. Qa6 Qb8 19. Be3 Bf6 20. Rab1 Rb4 21.
b3 Bxb1 22. Rxb1 Qb6 23. Qe2 Re8 24. Qc2 Qd8 25. Rd1 Qe7 26. Nd2 Bg5 27. Bxg5
Qxg5 28. Nc4 Qf4 29. g3 Qf6 30. Kg2 Rb7 31. Rd2 Rbe7 32. Ne3 g6 33. Qc4 Kg7 34.
b4 cxb4 35. Qxb4 Rc8 36. Nc4 Re4 0-1

[Event "España ch-2015 sub-16"]
[Site "Salobreña ESP"]
[Date "2015.07.22"]
[Round "4.20"]
[White "Lacruz Algarate, Alvaro"]
[Black "Serrano Leiva, Ana"]
[Result "1/2-1/2"]
[WhiteElo "2072"]
[BlackElo "1889"]
[PlyCount "64"]
[EventDate "2015.07.20"]
[EventType "swiss"]
[EventRounds "9"]
[EventCountry "ESP"]
[Source "lmi"]
[SourceDate "2015.07.20"]

1. e4 c5 2. Nf3 d6 3. Bb5+ Bd7 4. Bxd7+ Qxd7 5. O-O Nc6 6. c3 Nf6 7. d4 cxd4 8.
cxd4 Nxe4 9. d5 Ne5 10. Re1 Nf6 11. Nc3 g6 12. Nxe5 dxe5 13. Rxe5 Bg7 14. Qe1
O-O 15. Bg5 Rfe8 16. Rd1 Rad8 17. Re2 h6 18. Be3 b6 19. h3 Qb7 20. Red2 b5 21.
a3 Rc8 22. Qf1 a6 23. Bd4 Red8 24. Be5 Rc5 25. Bd4 Rcc8 26. Bxf6 Bxf6 27. Ne4
Bg7 28. Qe2 a5 29. Qe3 a4 30. Nc5 Qb6 31. Ne4 Qb7 32. Nc5 Qb6 1/2-1/2

[Event "España ch-2015 sub-16"]
[Site "Salobreña ESP"]
[Date "2015.07.22"]
[Round "4.21"]
[White "Jimenez Ruano, Adrian"]
[Black "Roma Barge, Gabriel"]
[Result "1/2-1/2"]
[WhiteElo "2053"]
[BlackElo "1875"]
[PlyCount "90"]
[EventDate "2015.07.20"]
[EventType "swiss"]
[EventRounds "9"]
[EventCountry "ESP"]
[Source "lmi"]
[SourceDate "2015.07.20"]

1. d4 Nf6 2. c4 c5 3. d5 b5 4. cxb5 a6 5. Nc3 axb5 6. e4 b4 7. Nb5 d6 8. Bf4 g5
9. Bxg5 Nxe4 10. Bf4 Nf6 11. Bc4 Bg7 12. Ne2 Nbd7 13. Ng3 Nb6 14. b3 Bd7 15.
Bg5 Nxc4 16. bxc4 Bxb5 17. cxb5 Qd7 18. O-O O-O 19. Qd3 Ng4 20. Rae1 Ne5 21.
Qc2 Qa7 22. b6 Qb7 23. f4 Ng6 24. h4 Bd4+ 25. Kh1 f6 26. Bh6 Rf7 27. h5 Nh4 28.
Qe2 f5 29. Bg5 Ng6 30. Qe6 Nf8 31. Qxf7+ Kxf7 32. Rxe7+ Qxe7 33. Bxe7 Kxe7 34.
Nxf5+ Kd7 35. Re1 Bf6 36. g4 Rb8 37. g5 Bd8 38. g6 hxg6 39. hxg6 Nxg6 40. Re6
Nxf4 41. Rxd6+ Ke8 42. b7 Rxb7 43. Rh6 Rd7 44. Rh8+ Kf7 45. Rh7+ Ke8 1/2-1/2

[Event "España ch-2015 sub-16"]
[Site "Salobreña ESP"]
[Date "2015.07.22"]
[Round "4.22"]
[White "Porlan Minarro, Antonio"]
[Black "Antunez Munoz, Ines"]
[Result "0-1"]
[WhiteElo "2040"]
[BlackElo "1873"]
[PlyCount "144"]
[EventDate "2015.07.20"]
[EventType "swiss"]
[EventRounds "9"]
[EventCountry "ESP"]
[Source "lmi"]
[SourceDate "2015.07.20"]

1. e4 e5 2. Nf3 Nc6 3. Bc4 Nf6 4. d3 Bc5 5. c3 d6 6. Bb3 a6 7. Nbd2 Be6 8. h3
O-O 9. Nf1 d5 10. Qe2 dxe4 11. dxe4 Qe7 12. g4 Rad8 13. Ng3 Qd6 14. g5 Nd7 15.
Nh4 Nb6 16. Nhf5 Qd3 17. Bxe6 fxe6 18. Be3 Na4 19. Bxc5 Nxc5 20. Ne3 Qxe2+ 21.
Kxe2 Nd3 22. Nd1 Nf4+ 23. Ke1 Rd7 24. Rh2 Rfd8 25. f3 Rd3 26. Ne2 Rxf3 27. Nf2
Re3 28. Ng4 Rxe4 29. Rd1 Rxd1+ 30. Kxd1 Nxh3 31. Nxe5 Rxe5 32. Rxh3 Rxg5 33.
Nf4 e5 34. Ne6 Rg1+ 35. Kc2 Rg2+ 36. Kb3 Na5+ 37. Kb4 b6 38. b3 Rxa2 39. Nxc7
Rb2 40. c4 Nc6+ 41. Ka3 Rf2 42. Nxa6 e4 43. Re3 Rf4 44. c5 b5 45. Nb4 Ne7 46.
c6 h5 47. c7 Nc8 48. Nd5 Rf5 49. Rxe4 Rxd5 50. Re8+ Kh7 51. Rxc8 Rc5 52. Kb4
Rc1 53. Kxb5 h4 54. Kb6 h3 55. Rd8 h2 56. Rd1 Rxd1 57. c8=Q h1=Q 58. Qf5+ Kh6
59. Qe6+ g6 60. Qe3+ g5 61. Qe6+ Kh5 62. Qe2+ g4 63. Qe5+ Kh4 64. Qf6+ Kh3 65.
Qh6+ Kg3 66. Qe3+ Qf3 67. Qe5+ Kg2 68. b4 Qf2+ 69. Ka6 Re1 70. Qd5+ Kg1 71. b5
Ra1+ 72. Kb7 Qf3 0-1

[Event "España ch-2015 sub-16"]
[Site "Salobreña ESP"]
[Date "2015.07.22"]
[Round "4.23"]
[White "Aledo Yanguas, Javier"]
[Black "Munoz Garcia, Jesus"]
[Result "1-0"]
[WhiteElo "2017"]
[BlackElo "1852"]
[PlyCount "105"]
[EventDate "2015.07.20"]
[EventType "swiss"]
[EventRounds "9"]
[EventCountry "ESP"]
[Source "lmi"]
[SourceDate "2015.07.20"]

1. e4 c5 2. c3 d5 3. exd5 Qxd5 4. d4 Nf6 5. Nf3 Bg4 6. Be2 e6 7. Na3 Nc6 8. Bf4
cxd4 9. Nb5 O-O-O 10. Nbxd4 e5 11. Nxc6 Qxc6 12. Bd2 Bxf3 13. Bxf3 Qc4 14. Qb3
Qxb3 15. axb3 Bc5 16. Bg5 Rhe8 17. O-O Kb8 18. Rfd1 h6 19. Bxf6 gxf6 20. Bh5
Rf8 21. b4 Bb6 22. Rxd8+ Rxd8 23. Rd1 Rxd1+ 24. Bxd1 f5 25. g3 Kc7 26. Kg2 Kd6
27. Bc2 Ke6 28. Bb3+ Kd6 29. Bxf7 Bd8 30. c4 b6 31. Kf3 Bg5 32. Bg6 Ke6 33. c5
bxc5 34. bxc5 Kd5 35. Bxf5 Kxc5 36. Ke4 Bc1 37. Kxe5 Bxb2+ 38. Kf4 a5 39. Bc2
Kd6 40. Kf5 Bg7 41. f4 Ke7 42. Kg6 Bd4 43. Kxh6 Bg1 44. g4 Bxh2 45. f5 Bf4+ 46.
g5 Kf7 47. Bb3+ Kf8 48. f6 Be5 49. Kg6 Bc3 50. Kf5 a4 51. Bxa4 Kg8 52. g6 Bb2
53. Bb3+ 1-0

[Event "España ch-2015 sub-16"]
[Site "Salobreña ESP"]
[Date "2015.07.22"]
[Round "4.24"]
[White "Garcia Sobrino, David"]
[Black "Leal Romero, Antonio Jose"]
[Result "1-0"]
[WhiteElo "2011"]
[BlackElo "1848"]
[PlyCount "65"]
[EventDate "2015.07.20"]
[EventType "swiss"]
[EventRounds "9"]
[EventCountry "ESP"]
[Source "lmi"]
[SourceDate "2015.07.20"]

1. e4 e6 2. d4 d5 3. Nd2 Nf6 4. e5 Nfd7 5. c3 c5 6. Bd3 Nc6 7. Ne2 cxd4 8. cxd4
f6 9. exf6 Nxf6 10. Nf3 Bd6 11. O-O Qc7 12. Nc3 a6 13. Bd2 O-O 14. Rc1 Bd7 15.
Re1 Rae8 16. a3 Qb8 17. b4 e5 18. Qb3 Be6 19. dxe5 Nxe5 20. Nxe5 Bxe5 21. h3
Qd6 22. Qb1 Bd4 23. Be3 Bxc3 24. Bc5 Qf4 25. Rxc3 Rf7 26. Qc1 Qh4 27. Bb1 d4
28. Rf3 Nd7 29. Rxe6 Rxe6 30. Ba2 Rff6 31. Bxd4 Qe4 32. Bxf6 Nxf6 33. Re3 1-0

[Event "España ch-2015 sub-16"]
[Site "Salobreña ESP"]
[Date "2015.07.22"]
[Round "4.25"]
[White "Jimenez Ramallo, Francisco J"]
[Black "Martinez Pla, Xavier"]
[Result "0-1"]
[WhiteElo "1894"]
[BlackElo "2005"]
[PlyCount "126"]
[EventDate "2015.07.20"]
[EventType "swiss"]
[EventRounds "9"]
[EventCountry "ESP"]
[Source "lmi"]
[SourceDate "2015.07.20"]

1. c4 c5 2. Nf3 Nf6 3. e3 b6 4. d4 cxd4 5. exd4 e6 6. Nc3 Bb7 7. Bd3 Be7 8. O-O
O-O 9. Re1 d6 10. Bg5 Nbd7 11. Rc1 a6 12. Bb1 Rc8 13. b3 Re8 14. Qd3 Qc7 15. h3
Qb8 16. Nd2 Qa8 17. Qg3 d5 18. cxd5 Bxd5 19. Ne2 Bb4 20. Red1 Ba3 21. Rxc8 Rxc8
22. Bd3 b5 23. f3 Qb7 24. Nf1 a5 25. Ne3 a4 26. Rb1 axb3 27. axb3 Bf8 28. Ng4
Nxg4 29. hxg4 Qb6 30. Bf4 g6 31. Kf2 Bg7 32. Be3 Qb7 33. g5 e5 34. Qh4 Qb8 35.
b4 Bc4 36. Bxc4 Rxc4 37. Rh1 Nf8 38. Qe4 Rxb4 39. Qd5 Ne6 40. dxe5 Bxe5 41. Rd1
Rb2 42. Rd2 Rxd2 43. Bxd2 Bg7 44. Bb4 Qa7+ 45. Kg3 Qb8+ 46. Kf2 Be5 47. g3 Bg7
48. Nc3 Bxc3 49. Bxc3 b4 50. Bb2 Kf8 51. Kg2 Qd8 52. Qe5 Qd2+ 53. Kf1 Qd1+ 54.
Kg2 Qd2+ 55. Kf1 Nxg5 56. Qb8+ Ke7 57. Qc7+ Ke6 58. Qc4+ Qd5 59. Qc8+ Kd6 60.
Qf8+ Kc6 61. Qc8+ Kb5 62. Qb8+ Ka4 63. Qa7+ Kb3 0-1

[Event "España ch-2015 sub-16"]
[Site "Salobreña ESP"]
[Date "2015.07.22"]
[Round "4.26"]
[White "Cruz Ramirez, Nauzet"]
[Black "Martinez Lopez, Carlos"]
[Result "1/2-1/2"]
[WhiteElo "1877"]
[BlackElo "1996"]
[PlyCount "101"]
[EventDate "2015.07.20"]
[EventType "swiss"]
[EventRounds "9"]
[EventCountry "ESP"]
[Source "lmi"]
[SourceDate "2015.07.20"]

1. Nf3 Nf6 2. g3 g6 3. Bg2 Bg7 4. O-O O-O 5. d4 d6 6. c4 Nbd7 7. Nc3 e5 8. e4
a6 9. h3 Rb8 10. a4 a5 11. Be3 Re8 12. Qc2 exd4 13. Nxd4 Nc5 14. Rfe1 Bd7 15.
b3 Na6 16. Rad1 Qc8 17. Kh2 Nb4 18. Qc1 Bc6 19. Bh6 Bh8 20. Nd5 Bxd5 21. cxd5
Nd7 22. Bf4 Nc5 23. Qc4 Qd7 24. Re2 Ra8 25. Nf3 f6 26. Nd4 Nba6 27. Bf3 h5 28.
h4 Nb4 29. Bg2 Kh7 30. Bh3 Qe7 31. f3 Nba6 32. Qb5 Nb4 33. Bc1 Ra6 34. Qc4 Bg7
35. Bb2 c6 36. Bc3 Rb6 37. Ne6 Nxe6 38. dxe6 d5 39. exd5 cxd5 40. Qd4 Rc6 41.
Bxb4 Qxb4 42. Qxb4 axb4 43. Rxd5 f5 44. Rb5 b6 45. Rxb4 Rcxe6 46. Rxe6 Rxe6 47.
Bf1 Rd6 48. Bc4 Bc3 49. Rb5 Bd4 50. Kg2 Kg7 51. Bf1 1/2-1/2

[Event "España ch-2015 sub-16"]
[Site "Salobreña ESP"]
[Date "2015.07.22"]
[Round "4.27"]
[White "Perez Ordonez, Jose Ramon"]
[Black "Pulido Leon, Manuel"]
[Result "0-1"]
[WhiteElo "1870"]
[BlackElo "1991"]
[PlyCount "60"]
[EventDate "2015.07.20"]
[EventType "swiss"]
[EventRounds "9"]
[EventCountry "ESP"]
[Source "lmi"]
[SourceDate "2015.07.20"]

1. d4 e6 2. c4 Bb4+ 3. Bd2 Bxd2+ 4. Qxd2 f5 5. g3 Nf6 6. Bg2 O-O 7. Nf3 d6 8.
O-O Nbd7 9. Nc3 Qe7 10. e4 Nxe4 11. Nxe4 fxe4 12. Ng5 d5 13. f3 h6 14. Nh3 exf3
15. Bxf3 Nb6 16. Nf4 Nxc4 17. Qc3 Qg5 18. Be2 Nd6 19. h4 Qd8 20. Ng6 Rf6 21.
Bh5 Ne4 22. Qe3 Bd7 23. a4 a5 24. g4 Kh7 25. Rxf6 gxf6 26. Rf1 Qg8 27. Kh2 Be8
28. Nf4 Bxh5 29. gxh5 Qg4 30. Qxe4+ dxe4 0-1

[Event "España ch-2015 sub-16"]
[Site "Salobreña ESP"]
[Date "2015.07.22"]
[Round "4.28"]
[White "Rottenwohrer Suarez, Juan"]
[Black "Dominguez Fernandez, Angel I"]
[Result "1/2-1/2"]
[WhiteElo "1850"]
[BlackElo "1988"]
[PlyCount "60"]
[EventDate "2015.07.20"]
[EventType "swiss"]
[EventRounds "9"]
[EventCountry "ESP"]
[Source "lmi"]
[SourceDate "2015.07.20"]

1. Nf3 Nf6 2. c4 e6 3. d4 d5 4. Nc3 Be7 5. cxd5 exd5 6. Bg5 O-O 7. e3 h6 8. Bh4
b6 9. Bd3 Bb7 10. O-O c5 11. Re1 Nbd7 12. Rc1 Ne4 13. Bxe7 Qxe7 14. dxc5 bxc5
15. Bb5 Ndf6 16. Nxe4 dxe4 17. Nd2 a6 18. Ba4 Rfd8 19. Qc2 Ng4 20. Red1 Qh4 21.
Nf1 Ne5 22. Qc3 Nd3 23. Rc2 Qg4 24. Rcd2 Rac8 25. Bb3 Rd7 26. Bc4 Rcd8 27. Ng3
Qg5 28. Bxd3 exd3 29. Rxd3 Rxd3 30. Rxd3 Rxd3 1/2-1/2

[Event "España ch-2015 sub-16"]
[Site "Salobreña ESP"]
[Date "2015.07.22"]
[Round "4.29"]
[White "Jarque Megias, Juan Jose"]
[Black "Ereza Vizcarra, Fernando"]
[Result "1-0"]
[WhiteElo "1987"]
[BlackElo "1717"]
[PlyCount "37"]
[EventDate "2015.07.20"]
[EventType "swiss"]
[EventRounds "9"]
[EventCountry "ESP"]
[Source "lmi"]
[SourceDate "2015.07.20"]

1. e4 d6 2. d4 Nf6 3. Nc3 Nbd7 4. Nf3 e5 5. Bc4 Be7 6. O-O O-O 7. a4 c6 8. Ba2
b6 9. Qe2 Bb7 10. Rd1 Qc7 11. Nh4 Rac8 12. Nf5 Rfe8 13. dxe5 Nxe5 14. Bg5 Ng6
15. Bxf6 gxf6 16. Qh5 Bf8 17. Rd3 Re5 18. Rh3 h6 19. Qxg6+ 1-0

[Event "España ch-2015 sub-16"]
[Site "Salobreña ESP"]
[Date "2015.07.22"]
[Round "4.30"]
[White "Goni Navarro, Pablo"]
[Black "Pulido Esteban, Francisco Daniel"]
[Result "1/2-1/2"]
[WhiteElo "1978"]
[BlackElo "1692"]
[PlyCount "62"]
[EventDate "2015.07.20"]
[EventType "swiss"]
[EventRounds "9"]
[EventCountry "ESP"]
[Source "lmi"]
[SourceDate "2015.07.20"]

1. e4 c5 2. Nf3 d6 3. d4 cxd4 4. Nxd4 Nf6 5. Nc3 a6 6. Be3 e6 7. f3 Nbd7 8. Qd2
Qc7 9. O-O-O b5 10. g4 Nb6 11. Bd3 Bb7 12. g5 Nfd7 13. h4 Ne5 14. Bf2 Nxd3+ 15.
Qxd3 b4 16. Nce2 Be7 17. Kb1 Rb8 18. Rdg1 Nc4 19. h5 d5 20. exd5 Bxd5 21. g6
Ne5 22. gxf7+ Kxf7 23. Qe3 Nc4 24. Qc1 Qa5 25. Nb3 Qd8 26. Qf4+ Bf6 27. Bh4 e5
28. Qg3 a5 29. h6 g6 30. Rd1 Ne3 31. Bxf6 Qxf6 1/2-1/2

[Event "España ch-2015 sub-16"]
[Site "Salobreña ESP"]
[Date "2015.07.22"]
[Round "4.31"]
[White "Represa Perez, Mireya"]
[Black "Gonzalez Capacete, Jose Miguel"]
[Result "0-1"]
[WhiteElo "1836"]
[BlackElo "1977"]
[PlyCount "70"]
[EventDate "2015.07.20"]
[EventType "swiss"]
[EventRounds "9"]
[EventCountry "ESP"]
[Source "lmi"]
[SourceDate "2015.07.20"]

1. e4 e6 2. d4 d5 3. Nc3 Bb4 4. exd5 exd5 5. Bd3 Ne7 6. Qh5 Nbc6 7. a3 Ba5 8.
Nf3 Be6 9. Be3 Qd7 10. Ng5 O-O-O 11. Nxe6 fxe6 12. O-O e5 13. Bb5 Bb6 14. Na4
Bxd4 15. Bxd4 exd4 16. Nc5 Qd6 17. Qg4+ Kb8 18. Ne6 h5 19. Qe2 Rdg8 20. Rad1 g5
21. Nxd4 Ne5 22. Rfe1 N7g6 23. Nf3 Ng4 24. h3 Nf4 25. Qe7 Qh6 26. Nxg5 a6 27.
Ne6 Rh7 28. Qb4 Nxh3+ 29. gxh3 Nxf2+ 30. Kxf2 Rf7+ 31. Ke2 axb5 32. Nc5 Re7+
33. Kd3 Rg3+ 34. Kd4 Qf6+ 35. Kxd5 c6# 0-1

[Event "España ch-2015 sub-16"]
[Site "Salobreña ESP"]
[Date "2015.07.22"]
[Round "4.32"]
[White "Marquez Marvizon, Alejandra"]
[Black "Krell Calvo, Daniel"]
[Result "1-0"]
[WhiteElo "1968"]
[BlackElo "1560"]
[PlyCount "63"]
[EventDate "2015.07.20"]
[EventType "swiss"]
[EventRounds "9"]
[EventCountry "ESP"]
[Source "lmi"]
[SourceDate "2015.07.20"]

1. e4 c5 2. Nf3 Nc6 3. Bb5 g6 4. Bxc6 dxc6 5. d3 Bg7 6. h3 e5 7. Nc3 Qe7 8. Be3
Nf6 9. Qd2 O-O 10. Bh6 b6 11. g4 Bxh6 12. Qxh6 Ne8 13. O-O-O f6 14. Qe3 Ng7 15.
Ne2 a5 16. g5 a4 17. Rdg1 b5 18. h4 Kh8 19. h5 Nxh5 20. Rxh5 gxh5 21. g6 Qg7
22. Nh4 Rg8 23. Nf5 Bxf5 24. exf5 Qd7 25. Qh6 Rg7 26. Ng3 Rag8 27. Qxh5 a3 28.
bxa3 Qd4 29. Rh1 Ra8 30. Ne4 Rxa3 31. Nxf6 Rxa2 32. Qxh7+ 1-0

[Event "España ch-2015 sub-16"]
[Site "Salobreña ESP"]
[Date "2015.07.22"]
[Round "4.33"]
[White "Guerrero Mendez, Luis"]
[Black "Porta Tovar, Guillem"]
[Result "0-1"]
[WhiteElo "1732"]
[BlackElo "1945"]
[PlyCount "100"]
[EventDate "2015.07.20"]
[EventType "swiss"]
[EventRounds "9"]
[EventCountry "ESP"]
[Source "lmi"]
[SourceDate "2015.07.20"]

1. e4 c5 2. c4 Nc6 3. Nc3 g6 4. g3 Bg7 5. Bg2 Nf6 6. Nge2 O-O 7. O-O Ne8 8. d3
Nc7 9. Be3 Ne6 10. Qd2 Ned4 11. Bh6 d6 12. Bxg7 Kxg7 13. f4 e6 14. g4 f5 15. g5
Rb8 16. Ng3 Ne7 17. exf5 Nexf5 18. Nxf5+ Nxf5 19. Ne4 b5 20. Bh3 Nd4 21. b3 Rb7
22. Bg2 Rbf7 23. Rae1 b4 24. h4 Bb7 25. Nf6 Bxg2 26. Qxg2 Rxf6 27. gxf6+ Qxf6
28. Qg5 a5 29. Re4 h6 30. Qxf6+ Kxf6 31. Kg2 a4 32. bxa4 Ra8 33. Rf2 Rxa4 34.
Kg3 Ra3 35. Rd2 Kf5 36. Re1 Rc3 37. Rf1 Nc2 38. Rc1 Ne3 39. Rxc3 bxc3 40. Re2
c2 41. Rxc2 Nxc2 42. a4 Nb4 43. a5 h5 44. Kf3 d5 45. Ke3 d4+ 46. Kf3 e5 47.
fxe5 Kxe5 48. Kg3 Kf5 49. Kf3 Nxd3 50. Kg3 Ke5 0-1

[Event "España ch-2015 sub-16"]
[Site "Salobreña ESP"]
[Date "2015.07.22"]
[Round "4.34"]
[White "Lechuga Cabrero, Luis Miguel"]
[Black "Ventura Bolet, Alexandre"]
[Result "0-1"]
[WhiteElo "1795"]
[BlackElo "2087"]
[PlyCount "38"]
[EventDate "2015.07.20"]
[EventType "swiss"]
[EventRounds "9"]
[EventCountry "ESP"]
[Source "lmi"]
[SourceDate "2015.07.20"]

1. d4 Nf6 2. Nc3 d5 3. Bg5 Nbd7 4. f3 c6 5. e4 dxe4 6. fxe4 e5 7. dxe5 Qa5 8.
Bd2 Nxe5 9. Nf3 Nxf3+ 10. gxf3 Be6 11. Nd5 Qd8 12. Nf4 Nxe4 13. Nxe6 Qh4+ 14.
Ke2 Qf2+ 15. Kd3 Nc5+ 16. Nxc5 O-O-O+ 17. Kc3 Qxc5+ 18. Kb3 Qb6+ 19. Ka4 Rd4+
0-1

[Event "España ch-2015 sub-16"]
[Site "Salobreña ESP"]
[Date "2015.07.22"]
[Round "4.35"]
[White "De La Pena Garcia, Blanca"]
[Black "Ros Alonso, Jaume"]
[Result "0-1"]
[WhiteElo "1808"]
[BlackElo "2028"]
[PlyCount "44"]
[EventDate "2015.07.20"]
[EventType "swiss"]
[EventRounds "9"]
[EventCountry "ESP"]
[Source "lmi"]
[SourceDate "2015.07.20"]

1. e4 c5 2. Nf3 e6 3. d3 Nc6 4. g3 Nge7 5. Bg2 g6 6. O-O Bg7 7. Re1 d5 8. e5 h6
9. Nbd2 g5 10. h4 Ng6 11. hxg5 hxg5 12. Nb3 g4 13. Nh2 b6 14. c4 Ncxe5 15. cxd5
Bb7 16. Nxg4 Bxd5 17. Nxe5 Nxe5 18. Bf4 Bxg2 19. Kxg2 Qd5+ 20. Kf1 Rh1+ 21. Ke2
Qf3+ 22. Kd2 Qxf2+ 0-1

[Event "España ch-2015 sub-16"]
[Site "Salobreña ESP"]
[Date "2015.07.22"]
[Round "4.36"]
[White "Motos Abellan, Daniel"]
[Black "Tabera Benitez, Sebastian"]
[Result "1-0"]
[WhiteElo "1994"]
[BlackElo "1758"]
[PlyCount "69"]
[EventDate "2015.07.20"]
[EventType "swiss"]
[EventRounds "9"]
[EventCountry "ESP"]
[Source "lmi"]
[SourceDate "2015.07.20"]

1. d4 d5 2. c4 c6 3. Nc3 Nf6 4. Nf3 e6 5. e3 Nbd7 6. Bd3 Bd6 7. O-O O-O 8. b3
Qe7 9. Qc2 a6 10. a4 b6 11. e4 dxe4 12. Nxe4 Rd8 13. Nxd6 Qxd6 14. Rd1 Bb7 15.
Bb2 c5 16. dxc5 Qxc5 17. Ba3 Qc6 18. Bf1 Nc5 19. Nd4 Qc7 20. f3 Qf4 21. Bc1 Qe5
22. Bb2 a5 23. Re1 Qf4 24. Rad1 Rd7 25. Bc1 Qc7 26. Nb5 Qc6 27. Rxd7 Qxd7 28.
Rd1 Qe7 29. Bf4 e5 30. Re1 Nfd7 31. Bd3 Nxd3 32. Qxd3 f6 33. Be3 Bc6 34. Rd1
Bxb5 35. Qd5+ 1-0

[Event "España ch-2015 sub-16"]
[Site "Salobreña ESP"]
[Date "2015.07.22"]
[Round "4.37"]
[White "Henderson de La Fuente, Andrea"]
[Black "Nunez de la Cruz, Guillermo"]
[Result "1-0"]
[WhiteElo "1947"]
[BlackElo "1757"]
[PlyCount "89"]
[EventDate "2015.07.20"]
[EventType "swiss"]
[EventRounds "9"]
[EventCountry "ESP"]
[Source "lmi"]
[SourceDate "2015.07.20"]

1. e4 c5 2. Nc3 a6 3. g3 b5 4. Bg2 Bb7 5. d3 e6 6. f4 d5 7. Qe2 Be7 8. Nf3 Nc6
9. O-O Nf6 10. e5 Ng8 11. a3 Nh6 12. h3 Nf5 13. Qf2 h5 14. Ne2 Qc7 15. g4 hxg4
16. hxg4 Nfd4 17. Nexd4 Nxd4 18. Be3 Nxf3+ 19. Qxf3 Rb8 20. Qe2 d4 21. Bd2 Kd7
22. f5 Bxg2 23. Qxg2 Qb7 24. Qxb7+ Rxb7 25. Kg2 Rbb8 26. Rh1 Rbf8 27. Kf3 Kc6
28. Ke4 g6 29. f6 Bd8 30. Bh6 Rfg8 31. Bg7 Rxh1 32. Rxh1 Ba5 33. Rh2 Bb6 34.
Rh7 Kd7 35. Bh6 Ke8 36. c3 dxc3 37. bxc3 a5 38. d4 cxd4 39. cxd4 b4 40. axb4
axb4 41. d5 exd5+ 42. Kxd5 b3 43. e6 Rf8 44. Bxf8 b2 45. Ba3 1-0

[Event "España ch-2015 sub-16"]
[Site "Salobreña ESP"]
[Date "2015.07.22"]
[Round "4.38"]
[White "Llamas Guevara, Francisco Jose"]
[Black "Manguez Tomas, Andres"]
[Result "1-0"]
[WhiteElo "1945"]
[BlackElo "1740"]
[PlyCount "95"]
[EventDate "2015.07.20"]
[EventType "swiss"]
[EventRounds "9"]
[EventCountry "ESP"]
[Source "lmi"]
[SourceDate "2015.07.20"]

1. e4 e5 2. Nf3 Nc6 3. Bc4 Be7 4. O-O Nf6 5. Re1 O-O 6. d3 d6 7. c3 Bg4 8. Nbd2
Na5 9. Bb5 c6 10. Ba4 b5 11. Bc2 Nd7 12. h3 Bh5 13. Nf1 Qc7 14. Ng3 Bg6 15. Qe2
Rad8 16. b4 Nb7 17. Bb3 c5 18. Bg5 Bxg5 19. Nxg5 Nb6 20. Bc2 Rc8 21. Rac1 a6
22. Nf3 Qe7 23. Qe3 Rc6 24. h4 h6 25. h5 Bh7 26. Bb3 c4 27. dxc4 Nxc4 28. Bxc4
Rxc4 29. Nd2 Rc6 30. Qd3 Rfc8 31. Re3 Nd8 32. Nb3 Ne6 33. Na5 R6c7 34. Rd1 Rxc3
35. Qxc3 Rxc3 36. Rxc3 g5 37. Nc6 Qf8 38. Rcd3 Kg7 39. Rxd6 Qa8 40. Nf5+ Bxf5
41. exf5 Nf4 42. f6+ Kh7 43. g4 Qc8 44. Rd7 Ne2+ 45. Kh2 Nd4 46. Rxf7+ Kh8 47.
Ne7 Ne6 48. Nxc8 1-0

[Event "España ch-2015 sub-16"]
[Site "Salobreña ESP"]
[Date "2015.07.22"]
[Round "4.39"]
[White "Martin Iribar, Ander"]
[Black "Gazquez Corral, Alba"]
[Result "0-1"]
[WhiteElo "1935"]
[BlackElo "1737"]
[PlyCount "88"]
[EventDate "2015.07.20"]
[EventType "swiss"]
[EventRounds "9"]
[EventCountry "ESP"]
[Source "lmi"]
[SourceDate "2015.07.20"]

1. d4 Nf6 2. c4 g6 3. Nc3 Bg7 4. e4 d6 5. h3 O-O 6. Nf3 e5 7. d5 a5 8. Bg5 Na6
9. Be2 Nc5 10. Nd2 h6 11. Be3 Nh7 12. g4 Bd7 13. h4 Nxe4 14. Ndxe4 f5 15. g5
fxe4 16. gxh6 Bf6 17. h5 gxh5 18. Nxe4 Bh4 19. Bxh5 Bf5 20. Ng3 Bd7 21. Qd3 Kh8
22. Bg6 Ng5 23. O-O-O Nh3 24. Ne4 Nxf2 25. Nxf2 Bxf2 26. Rdf1 Bxe3+ 27. Qxe3
Qe7 28. Rfg1 Rg8 29. Qe4 Raf8 30. h7 Rg7 31. Kc2 Rf4 32. Qd3 Qf6 33. Kc1 Rd4
34. Rf1 Qg5+ 35. Kb1 Rf4 36. Rxf4 exf4 37. Be4 Qf6 38. Qb3 Bf5 39. Qd3 Rg2 40.
Bxg2 Bxd3+ 41. Kc1 Qg5 42. Bf3 Qg3 43. Bh5 Qe3+ 44. Kd1 Bc2+ 0-1

[Event "España ch-2015 sub-16"]
[Site "Salobreña ESP"]
[Date "2015.07.22"]
[Round "4.40"]
[White "Rebollo Montes, Bernardo"]
[Black "Navarro Cabrera, Carlos"]
[Result "0-1"]
[WhiteElo "1718"]
[BlackElo "1926"]
[PlyCount "72"]
[EventDate "2015.07.20"]
[EventType "swiss"]
[EventRounds "9"]
[EventCountry "ESP"]
[Source "lmi"]
[SourceDate "2015.07.20"]

1. d4 Nf6 2. c4 c5 3. d5 b5 4. Qc2 Na6 5. a3 b4 6. Nf3 g6 7. Bd2 Bg7 8. e4 d6
9. Bd3 O-O 10. O-O Bg4 11. Ne1 Qc7 12. axb4 Nxb4 13. Bxb4 cxb4 14. Nd2 a5 15.
f4 Bd7 16. h3 Rfc8 17. Nef3 Be8 18. e5 dxe5 19. Nxe5 Nxd5 20. Rae1 Nxf4 21.
Rxf4 Bxe5 22. Rf3 Bc6 23. Be4 Bxe4 24. Qxe4 Bxb2 25. Ref1 Bf6 26. Qb1 Bd4+ 27.
Kh1 f5 28. Ne4 fxe4 29. Qxe4 Qe5 30. Qh4 Rf8 31. Rxf8+ Rxf8 32. Rxf8+ Kxf8 33.
Qxh7 Qe1+ 34. Kh2 Bg1+ 35. Kh1 Bf2+ 36. Kh2 Qg1# 0-1

[Event "España ch-2015 sub-16"]
[Site "Salobreña ESP"]
[Date "2015.07.22"]
[Round "5.1"]
[White "Roldan Marques, Daniel"]
[Black "Plazuelo Pascual, Juan"]
[Result "1/2-1/2"]
[WhiteElo "2145"]
[BlackElo "2335"]
[PlyCount "60"]
[EventDate "2015.07.20"]
[EventType "swiss"]
[EventRounds "9"]
[EventCountry "ESP"]
[Source "lmi"]
[SourceDate "2015.07.20"]

1. d4 Nf6 2. c4 b6 3. Nf3 Bb7 4. g3 c5 5. e3 cxd4 6. exd4 e6 7. Bg2 d5 8. b3
Bb4+ 9. Bd2 Bxd2+ 10. Nbxd2 dxc4 11. bxc4 O-O 12. O-O Nbd7 13. Rb1 Qc7 14. Re1
Rfd8 15. Qb3 Rac8 16. a4 Ba8 17. Qa2 Nb8 18. a5 bxa5 19. Nb3 Be4 20. Rbc1 Nc6
21. Red1 Qb6 22. d5 exd5 23. c5 Qb4 24. Ra1 a4 25. Nbd4 Nxd4 26. Nxd4 Bxg2 27.
Kxg2 Ne4 28. c6 Nc3 29. Qd2 a5 30. Rdc1 Ne4 1/2-1/2

[Event "España ch-2015 sub-16"]
[Site "Salobreña ESP"]
[Date "2015.07.22"]
[Round "5.2"]
[White "Domingo Nunez, Ruben"]
[Black "Orantes Taboada, Francisco"]
[Result "1-0"]
[WhiteElo "2205"]
[BlackElo "2135"]
[PlyCount "61"]
[EventDate "2015.07.20"]
[EventType "swiss"]
[EventRounds "9"]
[EventCountry "ESP"]
[Source "lmi"]
[SourceDate "2015.07.20"]

1. e4 c5 2. Nf3 Nc6 3. Bb5 g6 4. O-O Bg7 5. c3 Nf6 6. d4 cxd4 7. cxd4 Nxe4 8.
d5 Nd6 9. Na3 Ne5 10. Nxe5 Bxe5 11. Re1 Bf6 12. Bh6 Nf5 13. Qd2 Nxh6 14. Qxh6
Rg8 15. Nc4 Bg7 16. Qf4 Kf8 17. Nd6 Bf6 18. Ne4 Kg7 19. Nxf6 exf6 20. d6 Re8
21. Qb4 Re5 22. Bc4 a5 23. Qd2 Qe8 24. f4 Re4 25. Bd5 Rxe1+ 26. Rxe1 Qd8 27.
Re7 Ra6 28. Rxf7+ Kh8 29. f5 g5 30. Qe2 Rxd6 31. Rxh7+ 1-0